[Event "Online Olym Top DivC 2020"]
[Site "chess.com INT"]
[Date "2020.08.22"]
[Round "5.2"]
[Board "6"]
[White "Makhlouf, Ahlam"]
[Black "Potapova, Margarita"]
[Result "0-1"]
[WhiteTitle "WFM"]
[BlackTitle "WIM"]
[WhiteElo "1419"]
[BlackElo "2270"]
[WhiteTeam "Morocco"]
[BlackTeam "Russia"]
[WhiteFideId "9003380"]
[BlackFideId "14126869"]
[EventDate "2020.08.21"]
[EventType "team"]

1. e4 c5 2. Nf3 d6 3. d4 cxd4 4. Nxd4 Nf6 5. Nc3 a6 6. Be2 e5 7. Nb3 Be7 8. Be3
Be6 9. O-O O-O 10. a4 Nc6 11. f4 Nb4 12. a5 Rc8 13. f5 Bxb3 14. cxb3 d5 15. Bb6
Qd7 16. exd5 Nbxd5 17. Bf3 Nxb6 18. axb6 Rb8 19. Qxd7 Nxd7 20. Na4 Nxb6 21. Nxb6
Bc5+ 22. Kh1 Bxb6 23. Rad1 Bd4 24. Rd2 Rfc8 25. Bd5 Rc5 26. Bf3 Kf8 27. Re1 b6
28. h3 a5 29. Kh2 Rbc8 30. Be4 Rc1 31. Ree2 R8c7 32. Kg3 Ke7 33. Kh4 Kd6 34. f6
g6 35. Kg5 Rf1 36. g4 Rcc1 37. Bd3 Rh1 38. h4 h6+ 39. Kxh6 Rxh4+ 40. Kg7 Rc7 41.
Bc4 Rxg4 42. Bxf7 g5 43. Kg6 Rf4 44. Bc4 Rc8 45. f7 g4 46. Kg5 b5 47. Bxb5 Rxf7
48. Kxg4 Rg8+ 49. Kh5 Rh7# 0-1

[Event "Online Olym Top DivC 2020"]
[Site "chess.com INT"]
[Date "2020.08.22"]
[Round "5.3"]
[Board "1"]
[White "Sargissian, Gabriel"]
[Black "Nassr, Ali"]
[Result "1-0"]
[WhiteTitle "GM"]
[BlackTitle "IM"]
[WhiteElo "2682"]
[BlackElo "2232"]
[WhiteTeam "Armenia"]
[BlackTeam "Algeria"]
[WhiteFideId "13300881"]
[BlackFideId "7900520"]
[EventDate "2020.08.21"]
[EventType "team"]

1. d4 Nf6 2. c4 e6 3. Nf3 d5 4. Nc3 Be7 5. Bf4 O-O 6. e3 dxc4 7. Bxc4 a6 8. Bd3
Nbd7 9. O-O c5 10. Ne5 cxd4 11. exd4 Nb6 12. Re1 Bd7 13. Qf3 Nbd5 14. Bg3 Bc6
15. Nxc6 bxc6 16. Na4 Nb4 17. Red1 Nxd3 18. Rxd3 Nd5 19. b3 Bf6 20. Rad1 Qe7 21.
Qe4 Rfd8 22. h4 Qa7 23. Be5 Qe7 24. Bxf6 Qxf6 25. Nc5 a5 26. Rg3 Qf4 27. Qxf4
Nxf4 28. Kf1 Rd5 29. Rc3 Ng6 30. Na4 Rd6 31. g3 Ne7 32. Rc5 Rd5 33. Nb6 Rxc5 34.
dxc5 Rb8 35. Rd7 Kf8 36. Ra7 1-0

[Event "Online Olym Top DivC 2020"]
[Site "chess.com INT"]
[Date "2020.08.22"]
[Round "5.3"]
[Board "2"]
[White "Achour, Mohamed Anis"]
[Black "Ter-Sahakyan, Samvel"]
[Result "0-1"]
[BlackTitle "GM"]
[WhiteElo "2006"]
[BlackElo "2640"]
[WhiteTeam "Algeria"]
[BlackTeam "Armenia"]
[WhiteFideId "7904649"]
[BlackFideId "13302531"]
[EventDate "2020.08.21"]
[EventType "team"]

1. d4 Nf6 2. Bf4 d5 3. e3 c5 4. dxc5 Nc6 5. Bb5 Bg4 6. f3 Bd7 7. c3 e5 8. Bxc6
bxc6 9. Bxe5 Bxc5 10. Bd4 Bd6 11. Ne2 O-O 12. O-O Re8 13. Nf4 Qe7 14. Qd3 Rab8
15. b4 c5 16. Bxf6 Qxf6 17. Nxd5 Qh6 18. f4 cxb4 19. c4 Qg6 20. Qxg6 hxg6 21.
Nd2 Bc5 22. Rfe1 Bc6 23. Nf1 Rbd8 24. Rad1 a5 25. Rd3 Rd7 26. Red1 Rb7 27. Kf2
a4 28. Nd2 f6 29. Nf3 b3 0-1

[Event "Online Olym Top DivC 2020"]
[Site "chess.com INT"]
[Date "2020.08.22"]
[Round "5.3"]
[Board "3"]
[White "Danielian, Elina"]
[Black "Abdelaziz, Tinhinane"]
[Result "1-0"]
[WhiteTitle "GM"]
[WhiteElo "2407"]
[BlackElo "1416"]
[WhiteTeam "Armenia"]
[BlackTeam "Algeria"]
[WhiteFideId "13300210"]
[BlackFideId "7912170"]
[EventDate "2020.08.21"]
[EventType "team"]

1. d4 Nf6 2. Bg5 e6 3. Nd2 g6 4. e4 Be7 5. e5 Nd5 6. Bxe7 Nxe7 7. Ne4 O-O 8. Qd2
Nf5 9. g4 Ng7 10. Nf6+ Kh8 11. Qh6 Qxf6 12. exf6 Ne8 13. Qxf8# 1-0

[Event "Online Olym Top DivC 2020"]
[Site "chess.com INT"]
[Date "2020.08.22"]
[Round "5.3"]
[Board "4"]
[White "Belattar, Ines"]
[Black "Gevorgyan, Maria"]
[Result "0-1"]
[BlackTitle "WGM"]
[WhiteElo "1729"]
[BlackElo "2228"]
[WhiteTeam "Algeria"]
[BlackTeam "Armenia"]
[WhiteFideId "7910282"]
[BlackFideId "13300270"]
[EventDate "2020.08.21"]
[EventType "team"]

1. d4 d5 2. Nf3 Nf6 3. Bf4 c5 4. e3 Nc6 5. Nc3 a6 6. dxc5 Bg4 7. Be2 e6 8. h3
Bxf3 9. Bxf3 Bxc5 10. O-O O-O 11. a3 Rc8 12. Ne2 h6 13. Nd4 Re8 14. Bh2 Qb6 15.
Nb3 Bf8 16. Rc1 Red8 0-1

[Event "Online Olym Top DivC 2020"]
[Site "chess.com INT"]
[Date "2020.08.22"]
[Round "5.3"]
[Board "5"]
[White "Martirosyan, Haik M."]
[Black "Djabri, Massinas"]
[Result "1-0"]
[WhiteTitle "GM"]
[BlackTitle "FM"]
[WhiteElo "2622"]
[BlackElo "2161"]
[WhiteTeam "Armenia"]
[BlackTeam "Algeria"]
[WhiteFideId "13306553"]
[BlackFideId "7905726"]
[EventDate "2020.08.21"]
[EventType "team"]

1. d4 Nf6 2. Nf3 g6 3. Nc3 d5 4. Bf4 Bg7 5. Nb5 Na6 6. e3 O-O 7. h3 c6 8. Nc3
Bf5 9. Bxa6 bxa6 10. O-O c5 11. dxc5 Rc8 12. Nd4 Bd7 13. b4 Nh5 14. Bh2 e5 15.
Nf3 d4 16. exd4 exd4 17. Ne4 a5 18. a3 Bb5 19. Re1 d3 20. cxd3 Bxa1 21. Qxa1
Bxd3 22. Nd6 Rb8 23. Ne5 Bb5 24. Nxb5 Rxb5 25. Nc6 Qf6 26. Ne7+ 1-0

[Event "Online Olym Top DivC 2020"]
[Site "chess.com INT"]
[Date "2020.08.22"]
[Round "5.3"]
[Board "6"]
[White "Djerroud, Chahrazed"]
[Black "Sargsyan, Anna M."]
[Result "0-1"]
[BlackTitle "WGM"]
[WhiteElo "1496"]
[BlackElo "2402"]
[WhiteTeam "Algeria"]
[BlackTeam "Armenia"]
[WhiteFideId "7910762"]
[BlackFideId "13308130"]
[EventDate "2020.08.21"]
[EventType "team"]

1. e4 c6 2. d4 d5 3. Nc3 dxe4 4. Nxe4 Bf5 5. Ng3 Bg6 6. h4 h6 7. Nf3 e6 8. Bd3
Bxd3 9. Qxd3 Nf6 10. c4 c5 11. Bf4 Nc6 12. Rd1 Qa5+ 13. Qd2 Qxd2+ 14. Rxd2 cxd4
15. Nxd4 Bb4 16. Nb5 Bxd2+ 17. Bxd2 Ke7 18. Ke2 a6 19. Nc3 Nd4+ 20. Ke3 Rhd8 21.
Rd1 Ng4+ 22. Kf4 Nxf2 23. Rb1 f5 24. Na4 e5+ 25. Ke3 Ng4+ 26. Kd3 Nf3+ 27. Kc3
Nxd2 28. Nb6 Nxb1+ 29. Kc2 Nd2 30. Nd5+ Rxd5 31. cxd5 Ne4 32. Nxf5+ Kf6 33. d6
Kxf5 34. d7 Rd8 35. Kb3 Rxd7 36. Kc4 Ne3+ 37. Kb4 Rd4+ 38. Ka5 Nc4+ 39. Kb4
Nxb2+ 40. Kb3 Na4 41. Kc2 b5 42. g4+ Kf4 43. g5 hxg5 44. hxg5 Rd2+ 45. Kb3 Rb2+
46. Ka3 Nd2 47. g6 Nb1# 0-1

[Event "Online Olym Top DivC 2020"]
[Site "chess.com INT"]
[Date "2020.08.22"]
[Round "5.4"]
[Board "1"]
[White "Lupulescu, Constantin"]
[Black "Brkic, Ante"]
[Result "1-0"]
[WhiteTitle "GM"]
[BlackTitle "GM"]
[WhiteElo "2656"]
[BlackElo "2594"]
[WhiteTeam "Romania"]
[BlackTeam "Croatia"]
[WhiteFideId "1207822"]
[BlackFideId "14506688"]
[EventDate "2020.08.21"]
[EventType "team"]

1. d4 Nf6 2. c4 e6 3. Nf3 d5 4. Nc3 Bb4 5. e3 O-O 6. Bd2 b6 7. cxd5 exd5 8. Bd3
Bb7 9. O-O a6 10. Ne5 Be7 11. Rc1 c5 12. dxc5 bxc5 13. Na4 c4 14. Bb1 Nc6 15.
Bc3 Re8 16. Nxc6 Bxc6 17. Bd4 Rb8 18. Qc2 g6 19. Nc3 Qc7 20. h3 Nd7 21. Rfd1 Nf8
22. Ne2 Ne6 23. Bc3 Bf8 24. Rd2 Ng5 25. Qd1 Qb7 26. Nf4 Ne4 27. Bxe4 dxe4 28.
Rd6 Bg7 29. Bxg7 Kxg7 30. Rxc4 Rbc8 31. Qd4+ Kg8 32. h4 h5 33. Nxh5 gxh5 34. Rh6 1-0

[Event "Online Olym Top DivC 2020"]
[Site "chess.com INT"]
[Date "2020.08.22"]
[Round "5.4"]
[Board "2"]
[White "Jankovic, Alojzije"]
[Black "Parligras, Mircea-Emilian"]
[Result "1/2-1/2"]
[WhiteTitle "GM"]
[BlackTitle "GM"]
[WhiteElo "2537"]
[BlackElo "2591"]
[WhiteTeam "Croatia"]
[BlackTeam "Romania"]
[WhiteFideId "14505959"]
[BlackFideId "1204297"]
[EventDate "2020.08.21"]
[EventType "team"]

1. d4 Nf6 2. Nf3 d5 3. c4 e6 4. Nc3 Bb4 5. e3 O-O 6. Bd2 c5 7. a3 Bxc3 8. Bxc3
Ne4 9. Rc1 Nxc3 10. Rxc3 cxd4 11. Qxd4 Nc6 12. Qd2 dxc4 13. Qxd8 Rxd8 14. Bxc4
Bd7 15. Ke2 Rac8 16. Rhc1 Kf8 17. b4 Ke7 18. Bd3 Nb8 19. Rc7 Kd6 20. Rxc8 Rxc8
21. Rxc8 Bxc8 22. Bxh7 g6 23. Bg8 Ke7 24. Ne5 Nd7 25. Nxf7 Nf6 26. Ne5 Nxg8 27.
Nxg6+ Kf6 28. Nf4 Ne7 29. f3 e5 30. Nh5+ Kg6 31. Ng3 Nd5 32. Kd2 Nb6 33. Kc3 Be6
34. Ne4 Nc4 35. Nc5 Bg8 36. e4 b5 37. g3 Nxa3 38. Nd7 Nc4 39. f4 exf4 40. gxf4
Be6 41. f5+ Bxf5 42. exf5+ Kxf5 1/2-1/2

[Event "Online Olym Top DivC 2020"]
[Site "chess.com INT"]
[Date "2020.08.22"]
[Round "5.4"]
[Board "3"]
[White "Bulmaga, Irina"]
[Black "Franciskovic, Borka"]
[Result "1-0"]
[WhiteTitle "IM"]
[BlackTitle "WIM"]
[WhiteElo "2434"]
[BlackElo "2250"]
[WhiteTeam "Romania"]
[BlackTeam "Croatia"]
[WhiteFideId "13903063"]
[BlackFideId "14507943"]
[EventDate "2020.08.21"]
[EventType "team"]

1. e4 c6 2. d4 d5 3. e5 Bf5 4. h4 Qc8 5. Nc3 h6 6. Be3 e6 7. g4 Bh7 8. Bd3 Bxd3
9. Qxd3 Nd7 10. f4 c5 11. dxc5 Nxc5 12. Bxc5 Bxc5 13. O-O-O Ne7 14. h5 Qc6 15.
Nf3 O-O-O 16. Nd4 Qa6 17. Qxa6 bxa6 18. Rh3 Kd7 19. Na4 Bb6 20. Ra3 Rb8 21. Nc3
a5 22. Nce2 Rhc8 23. Kb1 Rc4 24. b3 Rcc8 25. Ra4 Nc6 26. Nxc6 Rxc6 27. c4 Rc5
28. Nc1 Ke7 29. Nd3 Rc7 30. cxd5 exd5 31. f5 Rbc8 32. Nf4 Rc2 33. Nxd5+ Ke8 34.
Nxb6 axb6 35. Rad4 Re2 36. Rd5 Re4 37. R1d4 Re2 38. f6 gxf6 39. exf6 Re6 40. Rd6
Re2 41. Rd2 Re4 42. g5 hxg5 43. h6 Rh4 44. Rxb6 Rxh6 45. Re2+ Kf8 46. Kb2 g4 47.
Rg2 Rg6 48. Rd6 Re8 49. Rd4 Rxf6 50. Rdxg4 Re5 51. Rg8+ Ke7 52. Rc2 Rd6 53. Ka3
Re4 54. Rcc8 Kf6 55. Rge8 Re2 56. Rxe2 1-0

[Event "Online Olym Top DivC 2020"]
[Site "chess.com INT"]
[Date "2020.08.22"]
[Round "5.4"]
[Board "4"]
[White "Ivekovic, Tihana"]
[Black "Cosma, Elena-Luminita"]
[Result "0-1"]
[WhiteTitle "WFM"]
[BlackTitle "WGM"]
[WhiteElo "2127"]
[BlackElo "2311"]
[WhiteTeam "Croatia"]
[BlackTeam "Romania"]
[WhiteFideId "14517825"]
[BlackFideId "1201590"]
[EventDate "2020.08.21"]
[EventType "team"]

1. d4 d5 2. c4 e6 3. Nf3 Nf6 4. g3 dxc4 5. Bg2 Bb4+ 6. Bd2 Bd6 7. O-O O-O 8. Qc2
Nbd7 9. Qxc4 e5 10. Nc3 exd4 11. Nxd4 Ne5 12. Qb3 c6 13. Rfd1 h6 14. Qc2 Qe7 15.
Be1 Rd8 16. Nf5 Bxf5 17. Qxf5 Ng6 18. Qc2 Bc5 19. Na4 Bd6 20. Nc3 Bc7 21. Rac1
Rxd1 22. Rxd1 Rd8 23. Rxd8+ Bxd8 24. h3 Ne5 25. b3 Ned7 26. e4 Bb6 27. Kh2 Nc5
28. f4 Ne6 29. Bf2 Qb4 30. Bxb6 Qxb6 31. e5 Nd7 32. f5 Nd4 33. Qe4 Qc5 34. e6
Nf6 35. exf7+ Kxf7 36. Qd3 Nxf5 37. Na4 Qe5 38. Nc3 Nd6 39. Ne2 g5 40. Nd4 c5
41. Nf3 Qe6 42. Nd2 Kg7 43. Nc4 Nxc4 44. bxc4 b6 45. Qd8 Qf7 46. Qd3 Qe6 47. a4
Qe5 48. Qf3 Qe7 49. Qd3 Qe5 50. Qf3 Qe7 51. Qd3 Qd7 52. Qf3 Qxa4 53. Qb7+ Qd7
54. Qf3 a5 55. Qb3 Qd6 56. Bf3 Qd2+ 57. Bg2 Qb4 58. Qd3 Qa4 59. Qe2 Qd7 60. Qb2
Qd6 61. Bf3 Qe6 62. Bd5 Qd6 63. Kg2 Kf8 64. Qf2 Ke7 65. Qe2+ Kd8 66. Bf3 Kc7 67.
Qc2 Qe6 68. Qg6 Qe7 69. Qxh6 a4 70. Qg6 a3 71. Qxg5 a2 72. Qc1 Qe5 0-1

[Event "Online Olym Top DivC 2020"]
[Site "chess.com INT"]
[Date "2020.08.22"]
[Round "5.4"]
[Board "5"]
[White "Deac, Bogdan-Daniel"]
[Black "Livaic, Leon"]
[Result "1-0"]
[WhiteTitle "GM"]
[BlackTitle "IM"]
[WhiteElo "2625"]
[BlackElo "2507"]
[WhiteTeam "Romania"]
[BlackTeam "Croatia"]
[WhiteFideId "1226380"]
[BlackFideId "14531534"]
[EventDate "2020.08.21"]
[EventType "team"]

1. Nf3 d5 2. d4 e6 3. c4 Nf6 4. Bg5 Bb4+ 5. Nc3 dxc4 6. e4 h6 7. Bxf6 Qxf6 8.
Bxc4 c5 9. O-O cxd4 10. e5 Qd8 11. Ne4 O-O 12. Qe2 Be7 13. Rfd1 Qa5 14. Ng3 Rd8
15. Qe4 Nd7 16. Rxd4 Nf8 17. Rad1 Rxd4 18. Rxd4 Rb8 19. Qe2 b5 20. Bb3 Bb7 21.
Rg4 Qc7 22. Qe3 Rc8 23. Nf1 Qc1 24. Qxa7 Bxf3 25. gxf3 Bc5 26. Qb7 Qxb2 27. Rg2
Rd8 28. f4 b4 29. h4 Qd4 30. Qc7 Bb6 31. Qc6 Ba7 32. Qb7 Rd7 33. Qf3 Kh8 34. Qg4
g6 35. h5 Qe4 36. hxg6 Qxg6 37. Qh3 Qh7 38. Bc2 Ng6 39. Bxg6 fxg6 40. Qxe6 Rg7
41. f5 gxf5 42. Qf6 f4 43. e6 f3 44. Rg3 Bc5 45. Qe5 Be7 46. Ne3 Kg8 47. Nf5 Rg5
48. Rxg5+ hxg5 49. Qb8+ Bf8 50. e7 Qxf5 51. e8=Q Qb1+ 52. Kh2 Qh7+ 53. Kg3 1-0

[Event "Online Olym Top DivC 2020"]
[Site "chess.com INT"]
[Date "2020.08.22"]
[Round "5.4"]
[Board "6"]
[White "Cvitan, Ena"]
[Black "Lehaci, Miruna-Daria"]
[Result "0-1"]
[WhiteTitle "FM"]
[BlackTitle "WFM"]
[WhiteElo "2242"]
[BlackElo "2223"]
[WhiteTeam "Croatia"]
[BlackTeam "Romania"]
[WhiteFideId "14534215"]
[BlackFideId "1234765"]
[EventDate "2020.08.21"]
[EventType "team"]

1. d4 Nf6 2. c4 e6 3. Nc3 Bb4 4. e3 c5 5. Bd3 O-O 6. Ne2 cxd4 7. exd4 d5 8. cxd5
Nxd5 9. O-O Nf6 10. Bg5 Nbd7 11. d5 Qa5 12. Bc2 exd5 13. Qd3 Re8 14. Nd4 Bxc3
15. bxc3 Nc5 16. Qf3 Nce4 17. Bxf6 Nxf6 18. Rab1 Qc7 19. Bb3 Bg4 20. Qd3 a6 21.
Rbc1 Rad8 22. Kh1 Bh5 23. Rfe1 Ne4 24. Kg1 Bg6 25. Qf3 Nd2 26. Qxd5 Rxe1+ 27.
Rxe1 h6 28. Qe5 Qxc3 29. Nf3 Nxf3+ 30. gxf3 Qxf3 31. Qg3 Qf6 32. Rc1 Kh7 33. h3
Rd3 34. Qg2 Rf3 35. Bd1 Rf5 36. Bg4 Ra5 37. f3 h5 38. Qd2 Qb6+ 39. Kg2 hxg4 40.
hxg4 Re5 41. Kg3 Qe3 42. Qh2+ Kg8 43. Rh1 f6 44. Qh8+ Kf7 45. Rd1 Re7 46. Rd8
Qe1+ 47. Kh3 Qh1+ 48. Kg3 Qxh8 49. Rxh8 Rc7 50. f4 Bb1 51. a3 Bd3 52. Rd8 Bb5
53. g5 fxg5 54. fxg5 Rc3+ 55. Kf4 Rxa3 56. Kf5 Rf3+ 57. Kg4 Rf1 58. Rc8 Bc6 59.
Rc7+ Kg8 60. g6 Rf8 61. Kg5 a5 62. Re7 a4 63. Re3 Ra8 64. Ra3 b5 65. Rc3 Bd5 66.
Rc5 Bc4 0-1

[Event "Online Olym Top DivC 2020"]
[Site "chess.com INT"]
[Date "2020.08.22"]
[Round "5.5"]
[Board "1"]
[White "Delchev, Aleksander"]
[Black "Sanal, Vahap"]
[Result "1-0"]
[WhiteTitle "GM"]
[BlackTitle "GM"]
[WhiteElo "2550"]
[BlackElo "2581"]
[WhiteTeam "Bulgaria"]
[BlackTeam "Turkey"]
[WhiteFideId "2900394"]
[BlackFideId "6300545"]
[EventDate "2020.08.21"]
[EventType "team"]

1. e4 d6 2. d4 Nf6 3. Nc3 e5 4. Nf3 Nbd7 5. Bc4 Be7 6. a4 O-O 7. O-O c6 8. Re1
h6 9. h3 Re8 10. Be3 exd4 11. Qxd4 Nf8 12. Rad1 Be6 13. Bf4 Bxc4 14. Qxc4 Ng6
15. Bh2 Qc7 16. Nb5 Qb6 17. Nxd6 Bxd6 18. Bxd6 Re6 19. e5 Nd5 20. Nd4 Ree8 21.
b3 Rad8 22. Nf5 Re6 23. Qg4 Ndf4 24. Re4 Nd5 25. Rd3 Rde8 26. Qg3 Qd8 27. h4 h5
28. Qf3 Nxe5 29. Bxe5 Rxe5 30. Nh6+ Kh7 31. Nxf7 Rxe4 32. Nxd8 Re1+ 33. Kh2 Rxd8
34. Qxh5+ Kg8 35. c4 1-0

[Event "Online Olym Top DivC 2020"]
[Site "chess.com INT"]
[Date "2020.08.22"]
[Round "5.5"]
[Board "2"]
[White "Ali Marandi, Cemil Can"]
[Black "Petkov, Momchil"]
[Result "1-0"]
[WhiteTitle "GM"]
[BlackTitle "FM"]
[WhiteElo "2543"]
[BlackElo "2315"]
[WhiteTeam "Turkey"]
[BlackTeam "Bulgaria"]
[WhiteFideId "6300529"]
[BlackFideId "2921642"]
[EventDate "2020.08.21"]
[EventType "team"]

1. d4 Nf6 2. Bf4 d5 3. e3 e6 4. Nd2 Bd6 5. Bg3 O-O 6. c3 c5 7. Ngf3 Nc6 8. Bd3
b6 9. Qe2 Bb7 10. Rd1 a5 11. e4 Be7 12. e5 Nh5 13. h4 Nxg3 14. fxg3 h6 15. a3
Qc8 16. g4 Ba6 17. g5 Bxd3 18. Qxd3 Qa6 19. Qe3 cxd4 20. cxd4 h5 21. Ng1 Qb5 22.
Rb1 a4 23. Ne2 Na5 24. O-O Rac8 25. Nc3 Qd7 26. Qf3 Nc4 27. Nxc4 Rxc4 28. Ne2 g6
29. g4 hxg4 30. Qxg4 Rc2 31. h5 Qb5 32. Nf4 Qb3 33. Rf3 Qc4 34. hxg6 Qxd4+ 35.
Kh1 Qe4 36. Rf1 Qxe5 37. Qh5 Qh8 38. gxf7+ Rxf7 39. Qxh8+ Kxh8 40. Ng6+ Kg8 41.
Rxf7 Bxg5 42. Rb7 1-0

[Event "Online Olym Top DivC 2020"]
[Site "chess.com INT"]
[Date "2020.08.22"]
[Round "5.5"]
[Board "3"]
[White "Stefanova, Antoaneta"]
[Black "Atalik, Ekaterina"]
[Result "1/2-1/2"]
[WhiteTitle "GM"]
[BlackTitle "IM"]
[WhiteElo "2462"]
[BlackElo "2450"]
[WhiteTeam "Bulgaria"]
[BlackTeam "Turkey"]
[WhiteFideId "2902257"]
[BlackFideId "4130189"]
[EventDate "2020.08.21"]
[EventType "team"]

1. Nf3 d5 2. g3 Nf6 3. Bg2 g6 4. d4 Bg7 5. O-O O-O 6. Be3 b6 7. Qc1 Bb7 8. Rd1
Nbd7 9. Bh6 Ne4 10. Bxg7 Kxg7 11. c4 e6 12. Ne5 Nxe5 13. dxe5 Qe7 14. Bxe4 dxe4
15. Qe3 Rad8 16. Nc3 Rxd1+ 17. Rxd1 Rd8 18. Rxd8 Qxd8 19. h4 h6 20. Kh2 a6 21.
Nxe4 Qd1 22. Qf4 Bxe4 23. Qxe4 Qd2 24. Qf4 Qxe2 25. Qf6+ Kg8 26. Qd8+ Kg7 27.
Qf6+ Kg8 28. Qd8+ Kg7 29. Qf6+ 1/2-1/2

[Event "Online Olym Top DivC 2020"]
[Site "chess.com INT"]
[Date "2020.08.22"]
[Round "5.5"]
[Board "4"]
[White "Yildiz Kadioglu, Betul Cemre"]
[Black "Antova, Gabriela"]
[Result "0-1"]
[WhiteTitle "WGM"]
[BlackTitle "FM"]
[WhiteElo "2362"]
[BlackElo "2238"]
[WhiteTeam "Turkey"]
[BlackTeam "Bulgaria"]
[WhiteFideId "6302920"]
[BlackFideId "2915235"]
[EventDate "2020.08.21"]
[EventType "team"]

1. d4 d5 2. Nf3 Nf6 3. c4 c6 4. e3 e6 5. Nbd2 Nbd7 6. Bd3 Bd6 7. O-O O-O 8. e4
e5 9. cxd5 cxd5 10. exd5 exd4 11. Nc4 Bc5 12. Be2 Re8 13. Re1 Nxd5 14. Bg5 N7f6
15. Nxd4 h6 16. Bxf6 Qxf6 17. Nf3 Be6 18. Qa4 a6 19. Nce5 Nf4 20. Bf1 b5 21. Qa5
Bd5 22. g3 Ng6 23. Qc3 Nxe5 24. Rxe5 Rxe5 0-1

[Event "Online Olym Top DivC 2020"]
[Site "chess.com INT"]
[Date "2020.08.22"]
[Round "5.5"]
[Board "5"]
[White "Petrov, Martin"]
[Black "Ozen, Deniz"]
[Result "1/2-1/2"]
[WhiteTitle "IM"]
[BlackTitle "IM"]
[WhiteElo "2525"]
[BlackElo "2412"]
[WhiteTeam "Bulgaria"]
[BlackTeam "Turkey"]
[WhiteFideId "2911086"]
[BlackFideId "6349196"]
[EventDate "2020.08.21"]
[EventType "team"]

1. e4 e5 2. Nf3 Nf6 3. Nxe5 d6 4. Nf3 Nxe4 5. c4 Be7 6. d4 O-O 7. Bd3 Ng5 8. Nc3
Nc6 9. Be3 Nxf3+ 10. Qxf3 Bf6 11. O-O-O g6 12. Be4 Bg7 13. Rhe1 Be6 14. Bd5 a5
15. Bxe6 fxe6 16. Qg4 Qf6 17. g3 a4 18. Nb5 Rac8 19. Rd2 a3 20. Nxa3 Ra8 21. Bg5
Qf7 22. Rxe6 Rxa3 23. bxa3 Nxd4 24. Re7 Qxc4+ 25. Kb1 Qb5+ 26. Kc1 Qc4+ 27. Kb1
Qb5+ 28. Kc1 Qc4+ 1/2-1/2

[Event "Online Olym Top DivC 2020"]
[Site "chess.com INT"]
[Date "2020.08.22"]
[Round "5.5"]
[Board "6"]
[White "Caglar, Sila"]
[Black "Krasteva, Beloslava"]
[Result "1-0"]
[WhiteTitle "WIM"]
[BlackTitle "FM"]
[WhiteElo "2250"]
[BlackElo "2296"]
[WhiteTeam "Turkey"]
[BlackTeam "Bulgaria"]
[WhiteFideId "6364063"]
[BlackFideId "2922029"]
[EventDate "2020.08.21"]
[EventType "team"]

1. e4 c5 2. Nf3 d6 3. d4 cxd4 4. Nxd4 Nf6 5. Nc3 a6 6. Be2 e6 7. O-O Be7 8. f4
O-O 9. Qe1 Qc7 10. Qg3 b5 11. a3 Bb7 12. Bf3 Nc6 13. Be3 Na5 14. e5 dxe5 15.
fxe5 Nd7 16. Bxb7 Nxb7 17. Rad1 Kh8 18. Nd5 exd5 19. Nf5 Qxe5 20. Qxe5 Nxe5 21.
Nxe7 Nc4 22. Bd4 Rad8 23. Rf5 Rd7 24. Re1 f6 25. Rxd5 Rxd5 26. Nxd5 Nbd6 27. Nc7
a5 28. b3 Rc8 29. bxc4 Rxc7 30. c5 Kg8 31. cxd6 Rd7 32. Bc5 Kf7 33. Re7+ Rxe7
34. dxe7 1-0

[Event "Online Olym Top DivC 2020"]
[Site "chess.com INT"]
[Date "2020.08.22"]
[Round "6.1"]
[Board "1"]
[White "Amin, Bassem"]
[Black "Sanal, Vahap"]
[Result "1/2-1/2"]
[WhiteTitle "GM"]
[BlackTitle "GM"]
[WhiteElo "2686"]
[BlackElo "2581"]
[WhiteTeam "Egypt"]
[BlackTeam "Turkey"]
[WhiteFideId "10601457"]
[BlackFideId "6300545"]
[EventDate "2020.08.21"]
[EventType "team"]

1. Nf3 d6 2. g3 e5 3. Bg2 Nc6 4. e4 f5 5. exf5 Bxf5 6. d4 Nf6 7. O-O Bg4 8. dxe5
Nxe5 9. Qe1 Bxf3 10. Bxf3 c6 11. Bf4 Qc7 12. Nd2 O-O-O 13. Bxe5 dxe5 14. Nc4 Bd6
15. a4 Rhe8 16. Be4 Bf8 17. c3 Kb8 18. b4 Qf7 19. Qe2 Nxe4 20. Qxe4 Qd5 21. Rfe1
g6 22. Rad1 Qxe4 23. Rxd8+ Rxd8 24. Rxe4 Bg7 25. Kf1 Rd3 26. Re3 e4 27. Rxe4
Bxc3 28. b5 cxb5 29. axb5 Rd5 30. Re8+ Kc7 31. Re7+ Rd7 32. Re6 Rd4 33. Re7+ Kd8
34. Rxb7 Rxc4 35. Rxa7 h5 36. b6 Rb4 37. b7 Kc7 38. Ra6 g5 39. Rg6 Rb5 40. Rh6
g4 41. Rh7+ Kb8 42. Kg2 Rf5 43. h3 Bd4 44. hxg4 hxg4 45. Rh4 Rxf2+ 46. Kh1 Kxb7
47. Rxg4 Rd2 48. Rh4 Kc6 49. Rh2 Rd1+ 50. Kg2 Kd5 51. Kf3 Rd3+ 52. Kg4 Ke4 53.
Re2+ Be3 54. Ra2 Rd8 55. Ra4+ Bd4 56. Ra5 Rb8 57. Rg5 Be5 58. Rg6 Rb3 59. Kh4
Kf3 60. Rg8 Rb4+ 61. g4 Bf4 62. Kh5 Rb1 63. g5 Rh1+ 64. Kg6 Bxg5 65. Kf5 Bf4 66.
Ra8 Rh5+ 67. Ke6 Re5+ 68. Kf6 Rb5 69. Ke6 Be5 70. Kf5 Bd4+ 71. Kg6 Ke4 72. Re8+
Be5 73. Re6 Rb1 74. Ra6 Rg1+ 75. Kf7 Rg7+ 76. Kf8 Rb7 77. Ke8 Kd5 78. Kf8 Bd6+
79. Kg8 Ke6 80. Rc6 Rd7 81. Rc1 Rd8+ 82. Kh7 Be5 83. Rf1 Bf6 84. Kg6 Rg8+ 85.
Kh5 Rg5+ 86. Kh6 Kf7 87. Rb1 Rg4 88. Rb7+ Be7 89. Rb5 Ra4 90. Rf5+ Bf6 91. Rb5
Ke6 92. Kg6 Rg4+ 93. Kh5 Rg1 94. Rb3 Kf7 95. Rb7+ Be7 96. Rb5 Kf6 97. Rb6+ Kf5
98. Rb5+ Kf4 99. Kh6 Bf6 100. Kh7 Be5 101. Rb3 Kf5 102. Rf3+ Bf4 103. Rf2 Rg4
104. Ra2 Rh4+ 105. Kg7 Be5+ 106. Kf7 Rh7+ 107. Kg8 Rb7 108. Rf2+ Ke6 109. Rf1
Rg7+ 110. Kf8 Rg2 111. Ke8 Rg4 112. Rf2 Rg1 113. Rf3 Bd4 114. Rf4 Bf6 1/2-1/2